<?xml version="1.0" encoding="UTF-8"?>
<record
    xmlns:xsi="http://www.w3.org/2001/XMLSchema-instance"
    xsi:schemaLocation="http://www.loc.gov/MARC21/slim http://www.loc.gov/standards/marcxml/schema/MARC21slim.xsd"
    xmlns="http://www.loc.gov/MARC21/slim">

  <leader>01573nam a2200205Ia 4500</leader>
  <controlfield tag="001">b6188-43659 </controlfield>
  <controlfield tag="003">IT-MiCISF</controlfield>
  <controlfield tag="008">161014s9999||||xx |||||||||||||| ||und||</controlfield>
  <datafield tag="040" ind1=" " ind2=" ">
    <subfield code="a">IT-MiCISF</subfield>
    <subfield code="c">IT-MiCISF</subfield>
  </datafield>
  <datafield tag="041" ind1=" " ind2=" ">
    <subfield code="a">it</subfield>
  </datafield>
  <datafield tag="100" ind1=" " ind2=" ">
    <subfield code="a">AA.VV.</subfield>
  </datafield>
  <datafield tag="245" ind1=" " ind2="0">
    <subfield code="a">Immigrazione</subfield>
    <subfield code="b">Dossier statistico 2006-XVI Rapporto</subfield>
  </datafield>
  <datafield tag="250" ind1=" " ind2=" ">
    <subfield code="a">1a ed.</subfield>
  </datafield>
  <datafield tag="260" ind1=" " ind2=" ">
    <subfield code="a"> Roma</subfield>
    <subfield code="b">Idos</subfield>
    <subfield code="c">2006</subfield>
  </datafield>
  <datafield tag="300" ind1=" " ind2=" ">
    <subfield code="a">pp. 511</subfield>
  </datafield>
  <datafield tag="500" ind1=" " ind2=" ">
    <subfield code="a">Caritas / Migrantes / famiglia-migranti, statistica, bambini-immigrati, lavoro, demografia, politiche-sociali, cultura, religione, popolazione / Il XVI Rapporto Caritas/Migrantes raccoglie il contributo e la partecipazione di oltre 100 autori, che hanno collaborato per delineare il fenomeno migratorio: aree di origine, presenze, inserimento, lavoro, territorio. Tra le novit&#xE0; presenti: un capitolo sui nomadi e due ricerche sulla sindacalizzazione degli immigrati e sui mediatori culturali. E' stata inoltre potenziata la rilevazione dei bisogni degli immigrati tramite i centri di ascolto che fanno capo alla rete Caritas. Lo slogan che sintetizza il Rapporto &#xE8; "Al di l&#xE0; dell'alternanza", e sottolinea che la sensibilit&#xE0; al grande fenomeno sociale della mobilit&#xE0; deve collocarsi al di sopra dell'avvicendamento dei partiti al Governo. Priorit&#xE0;, questa, che emerge con chiarezza nell'introduzione: &#xAB;Le parole d'ordine da far valere sono: non pi&#xF9; invasione ma convivenza, non pi&#xF9; emarginazione ma partecipazione, non pi&#xF9; estraneit&#xE0; ma cittadinanza&#xBB;.</subfield>
  </datafield>
  <datafield tag="650" ind1=" " ind2=" ">
    <subfield code="a"> Famiglia nella societ&#xE0; / societ&#xE0;</subfield>
    <subfield code="e">006</subfield>
  </datafield>
  <datafield tag="942" ind1=" " ind2=" ">
    <subfield code="c">BK</subfield>
  </datafield>
  <datafield tag="957" ind1=" " ind2=" ">
    <subfield code="7">1</subfield>
  </datafield>
  <datafield tag="999" ind1=" " ind2=" ">
    <subfield code="a">43659</subfield>
    <subfield code="b">si</subfield>
    <subfield code="g">1</subfield>
    <subfield code="c">210882</subfield>
    <subfield code="d">210882</subfield>
  </datafield>
  <datafield tag="952" ind1=" " ind2=" ">
    <subfield code="0">0</subfield>
    <subfield code="1">0</subfield>
    <subfield code="4">0</subfield>
    <subfield code="6">B_618843659</subfield>
    <subfield code="7">1</subfield>
    <subfield code="a">CISF</subfield>
    <subfield code="b">CISF</subfield>
    <subfield code="d">2016-10-14</subfield>
    <subfield code="l">0</subfield>
    <subfield code="o">b6188-43659 </subfield>
    <subfield code="r">2016-10-14 00:00:00</subfield>
    <subfield code="w">2016-10-14</subfield>
    <subfield code="y">BK</subfield>
    <subfield code="z">Data import 15.10.2016 / by Epidotti, Vaglietti</subfield>
  </datafield>
</record>
